Ādhunika kavitāpravāha / (Record no. 58575)

MARC details
000 -LEADER
fixed length control field 00856cam a2200241 a 4500
001 - CONTROL NUMBER
control field sa 64004537
003 - CONTROL NUMBER IDENTIFIER
control field DLC
005 - DATE AND TIME OF LATEST TRANSACTION
control field 20260227112025.0
008 - FIXED-LENGTH DATA ELEMENTS--GENERAL INFORMATION
fixed length control field 891013s1963 ii 000 0 gujo
010 ## - LIBRARY OF CONGRESS CONTROL NUMBER
LC control number sa 64004537
035 ## - SYSTEM CONTROL NUMBER
System control number (OCoLC)20488439
040 ## - CATALOGING SOURCE
Original cataloging agency DLC
Transcribing agency DLC
050 00 - LIBRARY OF CONGRESS CALL NUMBER
Classification number PK1852
Item number .P29 1963
100 1# - MAIN ENTRY--PERSONAL NAME
Personal name Pāṭhaka, Jayanta Himmatalāla,
Dates associated with a name 1920-2003.
245 10 - TITLE STATEMENT
Title Ādhunika kavitāpravāha /
Statement of responsibility, etc. Jayanta Pāṭhaka.
260 ## - PUBLICATION, DISTRIBUTION, ETC.
Place of publication, distribution, etc. Sūrata :
Name of publisher, distributor, etc. Cūnīlāla Gāndhī Vidyābhavana :
-- Sārvajanika Ecyukeśana Sosāyaṭī,
Date of publication, distribution, etc. 1963.
300 ## - PHYSICAL DESCRIPTION
Extent 7, 314 p. ;
Dimensions 19 cm.
490 1# - SERIES STATEMENT
Series statement Cūnīlāla Gāndhī Vidvābhavana prakāśana ;
Volume/sequential designation 11
546 ## - LANGUAGE NOTE
Language note In Gujarati.
500 ## - GENERAL NOTE
General note A revision of the author's thesis--Gujarat University.
650 #0 - SUBJECT ADDED ENTRY--TOPICAL TERM
Topical term or geographic name entry element Gujarati poetry
General subdivision History and criticism.
830 #0 - SERIES ADDED ENTRY--UNIFORM TITLE
Uniform title Chunilal Gandhi Vidyabhavan studies ;
Volume/sequential designation 11.

No items available.

Powered by Koha